<?xml version="1.0" encoding="UTF-8"?>
<record
    xmlns:xsi="http://www.w3.org/2001/XMLSchema-instance"
    xsi:schemaLocation="http://www.loc.gov/MARC21/slim http://www.loc.gov/standards/marcxml/schema/MARC21slim.xsd"
    xmlns="http://www.loc.gov/MARC21/slim">

  <leader>00949nam a2200313uu 4500</leader>
  <controlfield tag="001">1129166</controlfield>
  <controlfield tag="005">20260507085957.0</controlfield>
  <controlfield tag="008">090305s2000                        eng  </controlfield>
  <datafield tag="020" ind1=" " ind2=" ">
    <subfield code="a">9780838400388</subfield>
  </datafield>
  <datafield tag="035" ind1=" " ind2=" ">
    <subfield code="a">1129166</subfield>
  </datafield>
  <datafield tag="035" ind1=" " ind2=" ">
    <subfield code="a">(OCoLC)777024531</subfield>
  </datafield>
  <datafield tag="040" ind1=" " ind2=" ">
    <subfield code="c">comduadb</subfield>
  </datafield>
  <datafield tag="041" ind1=" " ind2=" ">
    <subfield code="a">eng</subfield>
  </datafield>
  <datafield tag="082" ind1=" " ind2="4">
    <subfield code="a">428</subfield>
  </datafield>
  <datafield tag="100" ind1="1" ind2="0">
    <subfield code="a">Oxford, Rebecca L.</subfield>
    <subfield code="4">edt</subfield>
    <subfield code="e">edt</subfield>
    <subfield code="9">523449</subfield>
  </datafield>
  <datafield tag="245" ind1="1" ind2="0">
    <subfield code="a">Tapestry writing</subfield>
  </datafield>
  <datafield tag="260" ind1=" " ind2=" ">
    <subfield code="a">Boston :</subfield>
    <subfield code="b">Heinle &amp; Heinle,</subfield>
    <subfield code="c">c2000.</subfield>
  </datafield>
  <datafield tag="300" ind1=" " ind2=" ">
    <subfield code="a">237 p., il.</subfield>
  </datafield>
  <datafield tag="650" ind1=" " ind2=" ">
    <subfield code="a">English language acquisition</subfield>
    <subfield code="9">131655</subfield>
  </datafield>
  <datafield tag="650" ind1=" " ind2=" ">
    <subfield code="a">Ingles - Adquisicion de la lengua</subfield>
    <subfield code="9">131654</subfield>
  </datafield>
  <datafield tag="650" ind1=" " ind2=" ">
    <subfield code="a">Learning strategies</subfield>
    <subfield code="9">81769</subfield>
  </datafield>
  <datafield tag="650" ind1=" " ind2="7">
    <subfield code="a">Estrategias de aprendizaje</subfield>
    <subfield code="2">armarc</subfield>
    <subfield code="9">56901</subfield>
  </datafield>
  <datafield tag="650" ind1=" " ind2=" ">
    <subfield code="a">Writing skills</subfield>
    <subfield code="9">159047</subfield>
  </datafield>
  <datafield tag="650" ind1=" " ind2=" ">
    <subfield code="a">Habilidades de escritura</subfield>
    <subfield code="9">155189</subfield>
  </datafield>
  <datafield tag="650" ind1=" " ind2=" ">
    <subfield code="a">Grammar instruction</subfield>
    <subfield code="9">85172</subfield>
  </datafield>
  <datafield tag="650" ind1=" " ind2="0">
    <subfield code="a">Ense&#xF1;anza de la gram&#xE1;tica</subfield>
    <subfield code="9">56488</subfield>
  </datafield>
  <datafield tag="700" ind1="1" ind2="0">
    <subfield code="a">Pike-Baky, Meredith</subfield>
    <subfield code="4">edt</subfield>
    <subfield code="e">edt</subfield>
    <subfield code="9">550667</subfield>
  </datafield>
  <datafield tag="942" ind1=" " ind2=" ">
    <subfield code="c">BOOK</subfield>
  </datafield>
  <datafield tag="999" ind1=" " ind2=" ">
    <subfield code="c">498086</subfield>
    <subfield code="d">498086</subfield>
  </datafield>
  <datafield tag="952" ind1=" " ind2=" ">
    <subfield code="0">0</subfield>
    <subfield code="1">0</subfield>
    <subfield code="4">0</subfield>
    <subfield code="7">0</subfield>
    <subfield code="8">GENERAL</subfield>
    <subfield code="a">SIMI</subfield>
    <subfield code="b">SIMI</subfield>
    <subfield code="d">2009-03-05</subfield>
    <subfield code="i">C1036852</subfield>
    <subfield code="l">0</subfield>
    <subfield code="o">428.3 I/T172sw v.1</subfield>
    <subfield code="p">6203389</subfield>
    <subfield code="r">2023-04-28 00:00:00</subfield>
    <subfield code="t">1</subfield>
    <subfield code="w">2023-04-28</subfield>
    <subfield code="y">BOOK</subfield>
  </datafield>
  <datafield tag="952" ind1=" " ind2=" ">
    <subfield code="0">0</subfield>
    <subfield code="1">0</subfield>
    <subfield code="4">0</subfield>
    <subfield code="7">0</subfield>
    <subfield code="8">GENERAL</subfield>
    <subfield code="a">SIMI</subfield>
    <subfield code="b">SIMI</subfield>
    <subfield code="d">2009-03-05</subfield>
    <subfield code="i">C1036849</subfield>
    <subfield code="l">0</subfield>
    <subfield code="o">428.3 I/T172sw v.2</subfield>
    <subfield code="p">6203390</subfield>
    <subfield code="r">2023-04-28 00:00:00</subfield>
    <subfield code="t">2</subfield>
    <subfield code="w">2023-04-28</subfield>
    <subfield code="y">BOOK</subfield>
  </datafield>
  <datafield tag="952" ind1=" " ind2=" ">
    <subfield code="0">0</subfield>
    <subfield code="1">0</subfield>
    <subfield code="4">0</subfield>
    <subfield code="7">0</subfield>
    <subfield code="8">GENERAL</subfield>
    <subfield code="a">SIMI</subfield>
    <subfield code="b">SIMI</subfield>
    <subfield code="d">2009-03-05</subfield>
    <subfield code="i">C1036855</subfield>
    <subfield code="l">0</subfield>
    <subfield code="o">428.3 I/T172sw v.3</subfield>
    <subfield code="p">6203388</subfield>
    <subfield code="r">2023-04-28 00:00:00</subfield>
    <subfield code="t">3</subfield>
    <subfield code="w">2023-04-28</subfield>
    <subfield code="y">BOOK</subfield>
  </datafield>
</record>
